শেকসপীয়র রচনাবলী / (Record no. 41371)
[ view plain ]
| 000 -LEADER | |
|---|---|
| fixed length control field | 02225nam a2200349 a 4500 |
| 001 - CONTROL NUMBER | |
| control field | 41371 |
| 003 - CONTROL NUMBER IDENTIFIER | |
| rucl marc code | BD-RjUL |
| 005 - DATE AND TIME OF LATEST TRANSACTION | |
| control field | 20211209053356.0 |
| 008 - FIXED-LENGTH DATA ELEMENTS--GENERAL INFORMATION | |
| fixed length control field | 181024m19811973ii ||||| |||| 00| d ben d |
| 020 ## - INTERNATIONAL STANDARD BOOK NUMBER | |
| Terms of availability | : IRs. 20.00 (V-1) |
| Terms of availability | : IRs. 20.00 (V-2) |
| Terms of availability | : IRs. 25.00 (V-3) |
| Terms of availability | : IRs. 30.00 (V-4) |
| Terms of availability | : IRs. 35.00 (V-5) |
| 035 ## - SYSTEM CONTROL NUMBER | |
| System control number | (BD-RjUL)41488 |
| 040 ## - CATALOGING SOURCE | |
| Original cataloging agency | BD-RjUL |
| Language of cataloging | ben |
| Transcribing agency | BD-RjUL |
| 041 ## - LANGUAGE CODE | |
| Language code of text/sound track or separate title | ben |
| 082 ## - DEWEY DECIMAL CLASSIFICATION NUMBER | |
| Edition number | 23 |
| Classification number | 822.33 |
| Author mark and year | SHS V-1-V-5 1978-1981 |
| 100 1# - MAIN ENTRY--PERSONAL NAME | |
| Personal name | শেকসপীয়র, উইলিয়াম |
| 9 (RLIN) | 123739 |
| 245 10 - TITLE STATEMENT | |
| Title | শেকসপীয়র রচনাবলী / |
| Statement of responsibility, etc. | উইলিয়াম শেকসপীয়র ; বিশেষ অনুপ্রেরণা ও প্রয়োজনীয় নির্দেশ দিয়েছেন: দেবব্রত মুখোপাধ্যায়, জগন্নাথ চক্রবর্তী, অলোকরঞ্জন দাশগুপ্ত ; সম্পাদক, গৌতম নিয়োগী ; সংযুক্ত সম্পাদক: সুব্রত গঙ্গোপাধ্যায় |
| 260 ## - PUBLICATION, DISTRIBUTION, ETC. (IMPRINT) | |
| Place of publication, distribution, etc. | কলিকাতা : |
| Name of publisher, distributor, etc. | রিফ্লেক্ট পাবলিকেশন, |
| Date of publication, distribution, etc. | ১৯৭৩-১৯৭৬ [মুদ্রণ ১৯৭৭-১৯৮১] |
| 300 ## - PHYSICAL DESCRIPTION | |
| Pagination | খণ্ড ; |
| Size | ২২ সেমি. |
| 505 0# - FORMATTED CONTENTS NOTE | |
| Formatted contents note | খণ্ড ১ --- খণ্ড ২ -- খণ্ড ৩ --- খণ্ড ৪ --- খণ্ড ৫ |
| 650 ## - SUBJECT ADDED ENTRY--TOPICAL TERM | |
| Topical term or geographic name as entry element | ইংরেজী নাটক |
| 9 (RLIN) | 126570 |
| General subdivision | রচনা সংগ্রহ |
| Topical term or geographic name as entry element | English Drama |
| 9 (RLIN) | 166687 |
| General subdivision | Collected works |
| 700 ## - ADDED ENTRY--PERSONAL NAME | |
| Personal name | মুখোপাধ্যায়, দেবব্রত , নির্দেশক |
| Personal name | চক্রবর্তী, জগন্নাথ, যুগ্ম নির্দেশক |
| Personal name | দাশগুপ্ত, অলোকরঞ্জন, যুগ্ম নির্দেশক |
| Personal name | নিয়োগী, গৌতম, সম্পাদক |
| Personal name | গঙ্গোপাধ্যায়, সুব্রত, যুগ্ম সম্পাদক |
| 942 ## - ADDED ENTRY ELEMENTS (KOHA) | |
| Source of classification or shelving scheme | Dewey Decimal Classification |
| Koha item type | Rare Books |
| Lost status | Source of classification or shelving scheme | Damaged status | Not for loan | Collection code | Permanent Location | Current Location | Shelving location | Date acquired | Source of acquisition | Cost, normal purchase price | Total Checkouts | Full call number | Date last seen | Copy number | Koha item type |
|---|---|---|---|---|---|---|---|---|---|---|---|---|---|---|---|
| Dewey Decimal Classification | Not For Loan | Rare Books | Central Library, University of Rajshahi | Central Library, University of Rajshahi | Rare Book Section | 20/11/1979 | India int . Ltd. | 20.00 | BRA 822.33 SHS V-1 1978 | 24/10/2018 | C-1 | Rare Books | |||
| Dewey Decimal Classification | Not For Loan | Rare Books | Central Library, University of Rajshahi | Central Library, University of Rajshahi | Rare Book Section | 20/11/1979 | India Int. Cal. | 20.00 | BRA 822.33 SHS V-2 1978 | 24/10/2018 | C-1 | Rare Books | |||
| Dewey Decimal Classification | Not For Loan | Rare Books | Central Library, University of Rajshahi | Central Library, University of Rajshahi | Rare Book Section | 20/11/1979 | India Int. Cal. | 25.00 | BRA 822.33 SHS V-3 1981 | 24/10/2018 | C-1 | Rare Books | |||
| Dewey Decimal Classification | Not For Loan | Rare Books | Central Library, University of Rajshahi | Central Library, University of Rajshahi | Rare Book Section | 08/05/1982 | Rajshahi, Uttorbango LIbrary | 30.00 | BRA 822.33 SHS V-4 1981 | 24/10/2018 | C-1 | Rare Books | |||
| Dewey Decimal Classification | Not For Loan | Rare Books | Central Library, University of Rajshahi | Central Library, University of Rajshahi | Rare Book Section | 24/10/2018 | BRA 822.33 SHS V-5 1978 | 24/10/2018 | C-1 | Rare Books | |||||
| Dewey Decimal Classification | Non-fiction | Central Library, University of Rajshahi | Central Library, University of Rajshahi | 20/11/1979 | India int . Ltd. | 25.00 | B 822.33 SHS V-4 1977 | 25/10/2018 | C-2 | Rare Books |